000
00308nam a22001217a 4500
008
260530b |||||||| |||| 00| 0 eng d
020
_a
9789381275160
100
_a
Nagasampige, A V
245
_a
Sad Darshan Sara
260
_a
Bangalore
_b
Poorna Prajna Samshodhan Trust
_c
2012
300
_a
146p
942
_2
ddc
999
_c
1487
_d
1487